終着駅になったことのある地下鉄駅 - Statistics

General Stats
  • This quiz has been taken 256 times
  • The average score is 86 of 204
Answer Stats
地域 駅名 % Correct
東京 渋谷
77%
東京 新宿
77%
東京 浅草
76%
東京 中野
76%
東京 池袋
74%
東京 上野
73%
東京 北千住
70%
東京 荻窪
69%
東京 押上
69%
東京 新木場
68%
東京 中目黒
68%
東京 西船橋
68%
東京 光が丘
67%
東京 目黒
67%
東京 和光市
67%
東京 赤羽岩淵
66%
東京 綾瀬
66%
東京 北綾瀬
66%
東京 方南町
66%
東京 銀座
65%
名古屋 名古屋
64%
東京 都庁前
63%
東京 西高島平
63%
東京 西馬込
63%
東京 代々木上原
63%
東京 大手町
61%
東京 新橋
59%
京都 京都
59%
京都 国際会館
59%
福岡 天神
59%
札幌 新さっぽろ
58%
東京 小竹向原
58%
東京 泉岳寺
58%
東京 本八幡
58%
横浜 日吉
58%
大阪 梅田
58%
京都 竹田
57%
神戸 新神戸
57%
札幌 真駒内
56%
仙台 泉中央
56%
仙台 八木山動物公園
56%
横浜 湘南台
56%
大阪 コスモスクエア
56%
東京 高島平
55%
東京 東陽町
55%
横浜 あざみ野
55%
横浜 横浜
55%
名古屋 金山
55%
大阪 なかもず
55%
福岡 博多
55%
福岡 福岡空港
55%
大阪 江坂
54%
東京 青山一丁目
53%
東京 駒込
53%
横浜 新横浜
53%
京都 六地蔵
53%
大阪 新大阪
53%
大阪 長田
53%
大阪 西梅田
53%
神戸 新長田
53%
東京 三田
52%
横浜 戸塚
52%
名古屋 藤が丘
52%
大阪 天王寺
52%
大阪 八尾南
52%
東京 水天宮前
51%
横浜 中山
51%
名古屋 大曽根
51%
名古屋 上飯田
51%
京都 太秦天神川
51%
神戸 三宮・花時計前
51%
神戸 西神中央
51%
福岡 姪浜
51%
札幌 麻生
50%
東京 練馬
50%
東京 日比谷
50%
名古屋 赤池
50%
名古屋 名古屋港
50%
名古屋 上小田井
49%
名古屋 高畑
49%
大阪 野田阪神
49%
神戸 谷上
49%
東京 高田馬場
48%
東京 東京
48%
東京 半蔵門
48%
大阪 今里
48%
大阪 大阪港
48%
大阪 なんば
48%
大阪 東梅田
48%
名古屋 | 札幌 栄町
47%
東京 恵比寿
47%
東京 南千住
47%
大阪 天神橋筋六丁目
47%
福岡 天神南
47%
仙台 荒井
46%
仙台 富沢
46%
東京 九段下
46%
東京 永田町
46%
大阪 大正
46%
名古屋 徳重
45%
名古屋 平安通
45%
大阪 大日
45%
大阪 | 東京 京橋
44%
横浜 上大岡
44%
京都 二条
44%
大阪 住之江公園
44%
大阪 天下茶屋
44%
福岡 橋本
44%
東京 巣鴨
43%
大阪 南巽
43%
福岡 貝塚
43%
東京 四ツ谷
42%
東京 中野富士見町
41%
東京 代々木公園
41%
大阪 門真南
41%
大阪 本町
41%
札幌 福住
40%
東京 浅草橋
40%
東京 霞ケ関
40%
名古屋 中村区役所
40%
大阪 井高野
40%
大阪 あびこ
39%
東京 銀座一丁目
38%
東京 大門
38%
東京 三越前
38%
大阪 森ノ宮
38%
東京 溜池山王
37%
名古屋 新瑞橋
37%
名古屋 太閤通
37%
大阪 動物園前
37%
神戸 名谷
37%
札幌 宮の沢
36%
大阪 鶴見緑地
36%
東京 御茶ノ水
35%
名古屋 野並
35%
名古屋 八事
35%
大阪 心斎橋
35%
東京 神田
34%
東京 新富町
33%
東京 東銀座
33%
横浜 上永谷
33%
東京 岩本町
32%
京都 北大路
32%
京都 醍醐
31%
大阪 弁天町
31%
東京 人形町
30%
東京 東大島
30%
横浜 伊勢佐木長者町
29%
名古屋 庄内緑地公園
29%
名古屋 名古屋大学
29%
大阪 大国町
29%
東京 志村
28%
名古屋 星ヶ丘
28%
京都 北山
28%
大阪 谷町九丁目
28%
札幌 琴似
27%
東京 篠崎
27%
大阪 谷町四丁目
27%
大阪 都島
27%
東京 営団成増
26%
名古屋 今池
26%
名古屋 市役所
26%
名古屋 伏見
26%
大阪 守口
26%
仙台 八乙女
25%
東京 仲御徒町
25%
東京 虎ノ門
24%
東京 船堀
24%
札幌 北24条
24%
東京 東日本橋
23%
札幌 豊水すすきの
22%
東京 新中野
21%
名古屋 浄心
21%
名古屋 中村公園
21%
東京 国立競技場
20%
横浜 舞岡
20%
名古屋 砂田橋
20%
名古屋 東山公園
20%
名古屋 池下
19%
札幌 白石
18%
東京 竹橋
18%
神戸 学園都市
18%
福岡 馬出九大病院前
18%
東京 淡路町
17%
神戸 大倉山
17%
東京 西銀座
16%
東京 万世橋
16%
大阪 桜川
16%
大阪 玉出
15%
大阪 深江橋
15%
福岡 室見
15%
大阪 岸里
13%
大阪 新深江
13%
福岡 箱崎九大前
13%
大阪 中ふ頭
12%
福岡 呉服町
12%
大阪 昭和町
11%
大阪 花園町
11%
東京 青山六丁目
10%
東京 南阿佐ケ谷
10%
大阪 西田辺
10%
名古屋 藤ヶ丘
5%
No matching quizzes found
Score Distribution
Percent of People with Each Score
Percentile by Number Answered
Your Score History
You have not taken this quiz